000 00624nam a2200241 a 4500
001 nice12345678
003 IN_TiNIC
005 20260116013456.0
008 050524s1993 pata grp 000 0 urd
020 _a
_c40
082 0 0 _a294.5436
_bABR
100 _aAbr, Lala Bal Kishan Batr
245 _aHinduon Ke Teuhar
_b Festivals of Hindus
260 _aPatna
_bKhuda Bakhsh Oriental Pub. Library
_c1993
300 _a102p
500 _aincludes index and biblioraphy
505 2 _aIndex
650 _aFestivals-Hindu
700 1 _aAbr, Lala Bal Kishan Batr
902 _bSRS
942 _cBK
999 _c11126
_d11126